| 000 | 00528nam a22001577a 4500 | ||
|---|---|---|---|
| 003 | NUST | ||
| 038 | _aNusrat Nadeem | ||
| 082 | _a200 | ||
| 100 |
_aAQUEEL, MOMINA _9133141 |
||
| 245 |
_aExploring How Instagram Reels Influence Pakistan’s Tourism Image: A Thematic Content Analysis/ _cMOMINA AQUEEL, |
||
| 264 |
_aIslamabad: _bS3H NUST. |
||
| 650 |
_aMS-Mass Communication _9114380 |
||
| 700 |
_aSupervisor: Dr. Sundus Mustaqeem _9125681 |
||
| 856 | _uhttp://10.250.8.41:8080/xmlui/handle/123456789/57358 | ||
| 942 |
_2ddc _cSC |
||
| 999 |
_c616153 _d616153 |
||